Top 10 Most Native American U.S. States - Statistics

General Stats
  • This quiz has been taken 92,894 times
    48,498 since last reset
  • The average score is 8 of 10
Answer Stats
% State % Correct
12.4 New Mexico
85%
6.6 North Dakota
85%
10.1 South Dakota
85%
6.3 Arizona
84%
8.4 Montana
83%
14.4 Oklahoma
78%
4.4 Wyoming
77%
3.5 Washington
72%
21.1 Alaska
71%
3.8 Oregon
70%
No matching quizzes found
Score Distribution
Percent of People with Each Score
Percentile by Number Answered
Your Score History
You have not taken this quiz since the last reset